| 000 | 00424cam a2200169ua 4500 | ||
|---|---|---|---|
| 020 | _c1.50 | ||
| 041 |
_amal _h |
||
| 082 |
_a894.81209 _bKRI/NI |
||
| 100 | _aKrishnapilla, Kuttipuzha . | ||
| 245 |
_aNireekshanam / _cKuttipuzha Krishnapilla. _hTextual Documents |
||
| 260 |
_aTrissur : _bMangalodhayam pvt Ltd , _c1963. |
||
| 300 | _a98 ; . | ||
| 365 | _a1.50 | ||
| 504 | _a | ||
| 942 | _cBK | ||
| 999 |
_c1053 _d1053 |
||